Normal view
MARC view
- Masterton,T H
Entry Personal Name
001 - CONTROL NUMBER
- control field: 5198
003 - CONTROL NUMBER IDENTIFIER
- control field: NUST
005 - DATE AND TIME OF LATEST TRANSACTION
- control field: 20171004113116.0
008 - FIXED-LENGTH DATA ELEMENTS
- fixed length control field: 171004|| aca||aabn | a|a d
040 ## - CATALOGING SOURCE
- Original cataloging agency: NUST
- Transcribing agency: NUST
100 ## - HEADING--PERSONAL NAME
- Personal name: Masterton,T H
670 ## - SOURCE DATA FOUND
- Source citation: Work cat.: (NUST): Masterton,T H, Environmental Studies A Concentric Approach, 1969
